The Economics of transport / (Record no. 184467)

000 -LEADER
fixed length control field 00811 a2200193 4500
003 - CONTROL NUMBER IDENTIFIER
control field Nust
005 - DATE AND TIME OF LATEST TRANSACTION
control field 20230301155733.0
010 ## - LIBRARY OF CONGRESS CONTROL NUMBER
LC control number 37009922
040 ## - CATALOGING SOURCE
Transcribing agency Nust
082 ## - DEWEY DECIMAL CLASSIFICATION NUMBER
Classification number 330,BON
100 ## - MAIN ENTRY--PERSONAL NAME
Personal name Bonavia, Michael Robert.
9 (RLIN) 109694
245 ## - TITLE STATEMENT
Title The Economics of transport /
Statement of responsibility, etc. Michael R. Bonavia
Medium with an introduction by J.M. Keynes
260 ## - PUBLICATION, DISTRIBUTION, ETC.
Place of publication, distribution, etc. Nisbet & Co. Ltd
Name of publisher, distributor, etc. London
Date of publication, distribution, etc. etc., etc., 1936
300 ## - PHYSICAL DESCRIPTION
Extent 2 p. l., vii-x, 202 p
Other physical details diagr
Dimensions 20 cm
505 ## - FORMATTED CONTENTS NOTE
Formatted contents note The Function Of Transport (Page-1), The Means Of Transport (Page-14), The Organization Of Transport (Page-42), Competition In Transport (Page-79), Monopoly In Transport (Page-112), The Control And Coordination Of Transport (Page-158).
600 ## - SUBJECT ADDED ENTRY--PERSONAL NAME
Personal name Bonavia, Michael Robert.
9 (RLIN) 109694
650 ## - SUBJECT ADDED ENTRY--TOPICAL TERM
Topical term or geographic name entry element The Economics of transport,
9 (RLIN) 109695
942 ## - ADDED ENTRY ELEMENTS (KOHA)
Source of classification or shelving scheme
Koha item type Book
Holdings
Withdrawn status Lost status Source of classification or shelving scheme Damaged status Not for loan Permanent Location Current Location Shelving location Date acquired Full call number Barcode Date last seen Price effective from Koha item type Public note
          Military College of Signals (MCS) Military College of Signals (MCS) General Stacks 12/12/2016 330,BON MCS30011 12/08/2016 12/12/2016 Book Almirah No.73, Shelf No.5
© 2023 Central Library, National University of Sciences and Technology. All Rights Reserved.